000 02179cam a2200373 i 4500
001 768714001
003 CO-MdFUSB
005 20220706123644.0
007 ta
008 850724t19851985miu b 001 0 eng
020 _a0802800297
040 _aDLC
_beng
_cCO-MdFUSB
_dLML
_erda
041 _aeng
082 _223
_a220.601
_bL962
100 1 _aLundin, Roger.
_eautor
245 1 4 _aThe responsibility of hermeneutics /
_cRoger Lundin, Anthony C. Thiselton, Clarence Walhout.
264 1 _aGrand Rapids, Mich. :
_bW.B. Eerdmans ;
_aExeter, England :
_bPaternoster Press,
_c[1985]
264 4 _c©1985.
300 _a129 páginas ;
_c21 cm.
336 _atexto
_btxt
_2rdacontent.
337 _asin mediación
_bn
_2rdamedia.
338 _avolumen
_bnc
_2rdacarrier.
504 _aBibliografía: páginas 115-126.
505 _aI. Nuestra herencia hermenéutica -- Los legados cartesiano y baconiano -- El aislamiento cartesiano de la categoría estética -- El baconianismo y una hermenéutica del nuevo mundo -- Más allá de la primera persona -- II. Textos y acciones -- Los límites del modelo de la literatura como lenguaje -- Principios básicos del modelo de la literatura como acción -- La cuestión de la referencia y la mímesis -- Mundos imaginarios y reales -- Algunas consecuencias para la práctica hermenéutica -- Textos históricos. tercero Hermenéutica de la respuesta del lector, modelos de acción y las parábolas de Jesús -- Teoría literaria y hermenéutica bíblica -- Las parábolas de Jesús -- Crítica de la audiencia y hermenéutica de la respuesta del lector -- La necesidad de un enfoque de respuesta del lector a las parábolas -- Los problemas y la inadecuación de un enfoque de respuesta del lector a las parábolas -- La contribución del modelo de acción: Hacia una interpretación responsable.
563 _aRústico
650 7 _aHermenéutica
_9418
650 7 _aBiblia
_9417
_xHermenéutica
653 _aBiblia. Parábolas -- Crítica e interpretación, etc.
700 1 _aThiselton, Anthony C.
_eautor
700 1 _aWalhout, Clarence,
_d1934-
_eautor
942 _cBK
945 _aJTF-925
999 _c67622
_d67622